The Politics of Cruelty / An Essay on the Literature of Political Imprisonment (Record no. 5551)
[ view plain ]
| 000 -LEADER | |
|---|---|
| fixed length control field | 01277cam a22002174a 4500 |
| 005 - ΗΜΕΡΟΜΗΝΙΑ ΚΑΙ ΩΡΑ ΤΕΛΕΥΤΑΙΑΣ ΕΝΗΜΕΡΩΣΗΣ | |
| Πεδίο ελέγχου | 20250605164215.0 |
| 008 - FIXED-LENGTH DATA ELEMENTS--GENERAL INFORMATION | |
| Πεδίο ελέγχου σταθερού μήκους | 250528s ||||||||||||||||||||||||d |
| 035 ## - SYSTEM CONTROL NUMBER | |
| System control number | 20444 |
| 020 ## - ISBN | |
| ISBN | 67085641 |
| 040 ## - ΠΗΓΗ ΚΑΤΑΛΟΓΟΓΡΑΦΗΣΗΣ | |
| Φορέας πρωτότυπης καταλογογράφησης | MC Athens Campus Library |
| Γλώσσα καταλογογράφησης | Ελληνικά, Μοντέρνα (1453-) |
| Modifying agency | MC Athens Campus Library |
| Κανόνες περιγραφικής καταλογογράφησης | AACR2 |
| 245 1# - ΤΙΤΛΟΣ ΚΑΙ ΔΗΛΩΣΗ ΥΠΕΥΘΥΝΟΤΗΤΑΣ | |
| Τίτλος | The Politics of Cruelty / An Essay on the Literature of Political Imprisonment |
| 250 ## - EDITION STATEMENT | |
| Edition statement | 1st |
| 260 ## - PUBLICATION, DISTRIBUTION, ETC. | |
| Date of publication, distribution, etc. | 1994 |
| 300 ## - PHYSICAL DESCRIPTION | |
| Extent | 338 |
| 520 ## - SUMMARY, ETC. | |
| Summary, etc. | A passionate, heroic effort to fathom the nature of a phenomenon that all too often drain us emotionally and incapacitates us intellectually. Preface, Introduction, The Mechanism, Solzhenitsyn and the Creation of the Gulag, The Nazi Camp System, Henri Alleg and Colonialism in Algeria, The British in Ireland, The Apartheid System in South Africa, The Imagination, Photography: The Experience of Shock, Closet Land: State and Sexual Authority, The Extreme Experience of Solitude: Aurobindo and Ngugi and Nien Cheng, Recent Politics of Cruelty in Action, The Little School: Argentina and Brazil, The Death of a Guatemalan Village - El Salvador, State Torture and Religion - The Torture of Children, Conclusion, Acknowledgements, Permissions, Index. |
| 700 1# - ΠΡΟΣΘΕΤΗ ΑΝΑΓΡΑΦΗ--ΦΥΣΙΚΟ ΠΡΟΣΩΠΟ | |
| Personal name | Millett Kate |
| 9 (RLIN) | 6432 |
| 700 1# - ΠΡΟΣΘΕΤΗ ΑΝΑΓΡΑΦΗ--ΦΥΣΙΚΟ ΠΡΟΣΩΠΟ | |
| Personal name | Viking |
| 9 (RLIN) | 6433 |
| 942 ## - ADDED ENTRY ELEMENTS (KOHA) | |
| Koha item type | Books |
| Τύπος τεκμηρίου | Βιβλιοθήκη | Τρέχουσα τοποθεσία | Barcode | Αριθμός εισαγωγής | Ημερομηνία απόκτησης | Ταξιθετικό σύμβολο | Αριθμός αντιτύπου | Κατάσταση απόσυρσης | Κατάσταση χαμένου | Κατάσταση κατεστραμμένου | Μη δανεισμός | Σύνολο δανεισμών | Ημερομηνία τελευταίας εμφάνισης | Η τιμή ισχύει από |
|---|---|---|---|---|---|---|---|---|---|---|---|---|---|---|
| Books | MC Athens Campus Library | MC Athens Campus Library | 9780000055507 | 6920 | 05/06/2025 | 365 MIL | 1 | 05/06/2025 | 05/06/2025 |